00920 2200313 4500001002100000005001500021035002000036007000300056008004100059020002200100040002200122082001200144084001400156090002200170100002300192245007400215250003400289300003100323650001900354700002900373850001200402504003300414264004100447336002100488337003000509338002300539999002200562990002200584INLIS00000000088470020240305095455 a0010-0324000130ta240305s2023 yoi g ind d a978-623-138-060-9 aYOPDYOGbinderda04223a420 a420 RUB s aCB-D.11 2023-40010 aRubiyahepengarang10aSimple english daily expressions /cRubiyah; penyunting, Ahmad Syahir aCetakan pertama, Oktober 2023 aviii, 129 halaman ;c20 cm 4aBahasa Inggris0 aAhmad Syahirepenyunting aYOPDYOG aBibliografi: halaman 128-12931aBantul :bLembaga Ladang Kata,c2023 2rdacontentateks 2rdamediaatanpa perantara 2rdacarrieravolume aCB-D.11/2023-4001 aCB-D.11/2023-4001